[Event "POLFINAL MISTRZOSTW POLSKI JUNIOROW 2017 - C15"]
[Site "Jastrzebia Gora"]
[Date "2017-11-19"]
[Round "7.11"]
[White "Lendzion, Kamil"]
[Black "Grochol, Kamil"]
[Result "1/2-1/2"]
[WhiteTitle "II"]
[BlackTitle "I"]
[WhiteElo "1687"]
[BlackElo "1739"]

1. e4 Nf6 2. e5 Nd5 3. d4 d6 4. c4 Nb6 5. exd6 cxd6 6. Nc3 g6 7. Nf3 Bg7 8. Be3
Nc6 9. d5 Ne5 10. Nxe5 Bxe5 11. Bd4 Bxd4 12. Qxd4 O-O 13. Be2 Nd7 14. O-O f5 15.
Rfe1 Qb6 16. Qxb6 Nxb6 17. Nb5 Bd7 18. Nd4 Rac8 19. b3 Na8 20. Bd3 Rfe8 21. Re2
Nc7 22. Rae1 Kf7 23. a4 e6 24. dxe6+ Nxe6 25. Nxe6 Rxe6 26. f4 Rxe2 27. Rxe2 Re8
28. Rxe8 Bxe8 29. Kf2 Ke6 30. Ke3 a5 31. g3 1/2-1/2

[Event "POLFINAL MISTRZOSTW POLSKI JUNIOROW 2017 - C15"]
[Site "Jastrzebia Gora"]
[Date "2017-11-19"]
[Round "7.12"]
[White "Golinski, Kacper"]
[Black "Kucharski, Bartlomiej"]
[Result "1-0"]
[WhiteTitle "II+"]
[BlackTitle "I"]
[WhiteElo "1633"]
[BlackElo "1946"]

1. d4 d5 2. c4 e6 3. Nc3 Nf6 4. Nf3 c6 5. e3 Nbd7 6. Bd3 dxc4 7. Bxc4 b5 8. Bd3
Bb7 9. O-O Bd6 10. e4 e5 11. Re1 O-O 12. Ne2 a6 13. Ng3 Qc7 14. Nf5 Rfe8 15. Bg5
exd4 16. Bxf6 gxf6 17. N3xd4 Kh8 18. Qh5 Rg8 19. Re3 Rg5 20. Qh4 Rag8 21. Qxh7+
Kxh7 22. Rh3+ Rh5 23. Rxh5+ Kg6 24. Rh6+ Kg5 25. h4+ Kf4 26. Ne2+ Ke5 27. f4+
Ke6 28. Ned4# 1-0

[Event "POLFINAL MISTRZOSTW POLSKI JUNIOROW 2017 - C15"]
[Site "Jastrzebia Gora"]
[Date "2017-11-19"]
[Round "7.13"]
[White "Markiewicz, Krzysztof"]
[Black "Kukula, Karol"]
[Result "0-1"]
[WhiteTitle "II"]
[BlackTitle "I"]
[WhiteElo "1566"]
[BlackElo "1778"]

1. Nf3 c5 2. c4 Nc6 3. g3 g6 4. Bg2 Bg7 5. O-O e6 6. Nc3 Nge7 7. b3 d6 8. Bb2 O-O
9. Na4 e5 10. e4 f5 11. Ng5 h6 12. Nf3 f4 13. Ne1 h5 14. Nd3 Be6 15. gxf4 exf4
16. Bxg7 Kxg7 17. f3 b6 18. Nc3 Nd4 19. Ne2 Nxe2+ 20. Qxe2 h4 21. h3 Nc6 22. Nf2
Nd4 23. Qd3 Qd7 24. Kh2 b5 25. cxb5 Qxb5 26. Qxb5 Nxb5 27. Rfe1 Nd4 28. Rac1 Rac8
29. d3 Nc6 30. Bf1 Nb4 31. Re2 Rb8 32. Rd2 Nc6 33. Be2 Nd4 34. Nd1 Rh8 35. Nf2
Kf6 36. Rg1 Rh5 37. Ng4+ Bxg4 38. Rxg4 g5 39. Rg1 Ke5 40. Rc1 Rb4 41. Bd1 Rh8
42. Rc4 Rhb8 43. Kg2 a5 44. Rb2 a4 45. Kh2 Rxc4 46. dxc4 axb3 47. axb3 Ra8 48.
Rg2 Kf6 49. Rd2 Ra3 50. Rd3 Ra2+ 51. Kg1 Ke5 52. Kh1 Ke6 53. Kg1 Rb2 54. Kh1 Kd7
55. Kg1 Kc6 56. Kf1 Rh2 57. b4 Rxh3 58. b5+ Kb6 59. Kg2 Rg3+ 60. Kh2 g4 61. Ra3
Nxf3+ 62. Bxf3 Rxf3 63. Ra6+ Kb7 64. Rxd6 Rf2+ 65. Kg1 Rc2 66. e5 Rxc4 67. e6
Re4 68. b6 h3 0-1

[Event "POLFINAL MISTRZOSTW POLSKI JUNIOROW 2017 - C15"]
[Site "Jastrzebia Gora"]
[Date "2017-11-19"]
[Round "7.14"]
[White "Maciejewski, Kamil"]
[Black "Zareba, Maciej"]
[Result "1-0"]
[WhiteTitle "I"]
[BlackTitle "II+"]
[WhiteElo "1778"]
[BlackElo "1517"]

1. Nf3 d5 2. g3 Nf6 3. Bg2 e6 4. O-O c5 5. d3 Be7 6. Nbd2 O-O 7. e4 Nc6 8. Re1
Qb6 9. e5 Nd7 10. Nf1 Re8 11. Rb1 f6 12. exf6 Bxf6 13. Ng5 Bxg5 14. Bxg5 d4 15.
Qh5 g6 16. Qh4 Nde5 17. Nd2 Rf8 18. Ne4 Nd7 19. Bh6 Rd8 20. Nf6+ Nxf6 21. Qxf6
Qc7 22. Bxc6 bxc6 23. Bf4 Qd7 24. Be5 h5 25. Qh8+ Kf7 26. Qh7+ Kf8 27. Qh6+ Ke8
28. Re4 Qf7 29. Rf4 Qg8 30. Rf6 1-0

[Event "POLFINAL MISTRZOSTW POLSKI JUNIOROW 2017 - C15"]
[Site "Jastrzebia Gora"]
[Date "2017-11-19"]
[Round "7.15"]
[White "Dytman, Radoslaw"]
[Black "Marciniak, Leonard"]
[Result "1/2-1/2"]
[WhiteTitle "I"]
[BlackTitle "II"]
[WhiteElo "1708"]
[BlackElo "1420"]

1. e4 c5 2. Nf3 e6 3. d4 cxd4 4. Nxd4 a6 5. Nc3 Qc7 6. Bd3 Nf6 7. O-O Nc6 8. Nxc6
dxc6 9. Be3 Be7 10. f4 e5 11. f5 b5 12. g4 h5 13. g5 Ng4 14. Rf3 Nxe3 15. Rxe3
1/2-1/2

[Event "POLFINAL MISTRZOSTW POLSKI JUNIOROW 2017 - C15"]
[Site "Jastrzebia Gora"]
[Date "2017-11-19"]
[Round "7.16"]
[White "Cisek, Kamil"]
[Black "Pelka, Michal"]
[Result "1/2-1/2"]
[WhiteTitle "I"]
[BlackTitle "I"]
[WhiteElo "1562"]
[BlackElo "1693"]

1. e4 c5 2. Nc3 Nc6 3. g3 g6 4. Bg2 Bg7 5. d3 e6 6. Be3 d6 7. f4 Nge7 8. Nf3 Nd4
9. O-O O-O 10. Qd2 Nec6 11. Rab1 Rb8 12. Ne2 b5 13. c3 Nxe2+ 14. Qxe2 b4 15. d4
Qa5 16. Rfc1 Ba6 17. Qd2 c4 18. cxb4 Qxb4 19. Qc3 Rfc8 20. Bf1 d5 21. e5 Bf8 22.
Nd2 Rb6 23. Be2 Rcb8 24. Kf2 Qxc3 25. bxc3 Ba3 26. Rxb6 axb6 27. Re1 Ra8 28. Nb1
Bb5 29. Bd1 Kf8 30. Re2 Ke7 31. Nxa3 Rxa3 32. Rb2 Na7 33. Bd2 Kd7 34. Ke3 Kc6
35. Be1 Ba6 36. g4 Nb5 37. Rc2 Na7 38. Bd2 Nb5 39. Be1 1/2-1/2

[Event "POLFINAL MISTRZOSTW POLSKI JUNIOROW 2017 - C15"]
[Site "Jastrzebia Gora"]
[Date "2017-11-19"]
[Round "7.17"]
[White "Socha, Kamil"]
[Black "Skowron, Mateusz"]
[Result "1/2-1/2"]
[WhiteTitle "II"]
[BlackTitle "I"]
[WhiteElo "1526"]
[BlackElo "1616"]

1. d4 c6 2. c4 d5 3. Nc3 Nf6 4. e3 Bf5 5. Nf3 e6 6. Bd3 Bxd3 7. Qxd3 Bd6 8. O-O
O-O 9. e4 dxe4 10. Nxe4 Nxe4 11. Qxe4 Nd7 12. Bg5 Be7 13. Bxe7 Qxe7 14. Rad1 Nf6
15. Qe3 Rfd8 16. Rfe1 h6 17. a3 Qc7 18. h3 Qb6 19. Qc3 a5 20. Rd3 Ra6 21. Ne5
Qc7 22. Nf3 Qb6 23. Ne5 Qc7 24. Nf3 Qb6 25. Ne5 Qc7 26. Nf3 Qb6 1/2-1/2

[Event "POLFINAL MISTRZOSTW POLSKI JUNIOROW 2017 - C15"]
[Site "Jastrzebia Gora"]
[Date "2017-11-19"]
[Round "7.18"]
[White "Zurawicki, Jakub"]
[Black "Zlotek, Mikolaj"]
[Result "1/2-1/2"]
[WhiteTitle "II+"]
[BlackTitle "II"]
[WhiteElo "1541"]
[BlackElo "1463"]

1. d4 Nf6 2. c4 g6 3. Nc3 Bg7 4. e4 d6 5. Nf3 O-O 6. Be2 Nc6 7. O-O e5 8. dxe5
dxe5 9. Qxd8 Rxd8 10. Bg5 h6 11. Bxf6 Bxf6 12. Nd5 Bg7 13. Nxc7 Rb8 14. Nd5 Be6
15. Rfd1 f5 16. exf5 gxf5 17. Rab1 e4 18. Nh4 Nd4 19. Bf1 Bxd5 20. cxd5 Bf6 21.
Ng6 Kf7 22. Nf4 Be5 23. Ne6 Rxd5 24. Nxd4 Rxd4 25. Rxd4 Bxd4 26. b3 Rd8 27. Be2
Bb6 28. Rd1 Rxd1+ 29. Bxd1 Kg6 30. Kf1 Bd4 31. a4 b6 1/2-1/2

[Event "POLFINAL MISTRZOSTW POLSKI JUNIOROW 2017 - C15"]
[Site "Jastrzebia Gora"]
[Date "2017-11-19"]
[Round "7.19"]
[White "Kutylo, Konrad"]
[Black "Brzozowski, Pawel"]
[Result "0-1"]
[WhiteTitle "II"]
[BlackTitle "II+"]
[WhiteElo "1405"]
[BlackElo "1521"]

1. e4 e6 2. d4 d5 3. e5 c5 4. c3 Nc6 5. Nf3 Qb6 6. dxc5 Bxc5 7. Qc2 f6 8. Bf4 Bd7
9. Bd3 Rc8 10. O-O f5 11. Qe2 h6 12. b4 Be7 13. Nh4 Bxh4 14. Qh5+ Kf8 15. Qxh4
Nge7 16. Be3 d4 17. Bxd4 Nxd4 18. Qxd4 Qxd4 19. cxd4 Nc6 20. Bb5 Nxe5 21. Bxd7
Nxd7 22. Nd2 Ke7 23. Rac1 Nb6 24. Rfe1 Rxc1 25. Rxc1 Rc8 26. Rc5 Rxc5 27. dxc5
Nd5 28. a3 a5 29. bxa5 Kd7 30. Nb3 e5 31. Kf1 Kc6 32. Ke1 Nc3 33. Kd2 Ne4+ 34.
Ke3 Nxc5 35. Nd2 Kd5 36. f4 e4 37. g3 Na4 38. g4 g6 39. gxf5 gxf5 40. Nf1 Nb2
41. Ng3 Nc4+ 42. Ke2 Nd6 43. Nf1 Kd4 44. Ne3 Kc3 45. Nd5+ Kb3 46. Nb4 Kxa3 47.
a6 bxa6 48. Nxa6 Kb3 49. Nc5+ Kc4 50. Nd7 Kd4 51. Ne5 e3 52. Kf3 Nc4 53. Nxc4
Kxc4 54. Kxe3 Kc3 55. Kf3 Kd3 56. h3 h5 57. Kg3 Ke3 58. Kh4 Ke4 59. Kxh5 Kxf4
60. Kh4 Ke3 0-1

[Event "POLFINAL MISTRZOSTW POLSKI JUNIOROW 2017 - C15"]
[Site "Jastrzebia Gora"]
[Date "2017-11-19"]
[Round "7.20"]
[White "Gazda, Dominik"]
[Black "Stefanski, Adam"]
[Result "1-0"]
[WhiteTitle "II+"]
[BlackTitle "II+"]
[WhiteElo "1512"]
[BlackElo "1370"]

1. e4 d6 2. d4 g6 3. Nc3 Bg7 4. Be3 Nf6 5. f3 Nbd7 6. Qd2 a6 7. Bh6 O-O 8. Bxg7
Kxg7 9. g4 e5 10. Nge2 b5 11. O-O-O Nb6 12. dxe5 Nc4 13. exf6+ Qxf6 14. Qd4 Qxd4
15. Nxd4 Ne5 16. Be2 c5 17. Nb3 c4 18. Nd4 b4 19. Nd5 Be6 20. Nc7 Rae8 21. Nxe8+
Rxe8 22. Nxe6+ Rxe6 23. Rd4 c3 24. Rhd1 cxb2+ 25. Kxb2 a5 26. Rxd6 Re7 27. f4
Nxg4 28. Bxg4 1-0

[Event "POLFINAL MISTRZOSTW POLSKI JUNIOROW 2017 - C15"]
[Site "Jastrzebia Gora"]
[Date "2017-11-19"]
[Round "7.21"]
[White "Swiatek, Mateusz"]
[Black "Seredyn, Dominik"]
[Result "0-1"]
[WhiteTitle "II"]
[BlackTitle "II"]
[WhiteElo "1190"]
[BlackElo "1472"]

1. e4 c5 2. Nf3 Nc6 3. Bb5 e6 4. Nc3 Nf6 5. d3 Be7 6. O-O O-O 7. Bxc6 bxc6 8. Nd2
d5 9. e5 Nd7 10. f4 f6 11. Qg4 Nb6 12. Nf3 fxe5 13. Nxe5 Qd6 14. Be3 Nd7 15. Rae1
Nf6 16. Qf3 d4 17. Ne4 Nxe4 18. Qxe4 dxe3 19. Rxe3 Qd5 20. Nxc6 Qxe4 21. Nxe7+
Kf7 22. dxe4 Kxe7 23. e5 Ba6 24. Rf2 Rf5 25. Ra3 Bb5 26. Rb3 a6 27. Rc3 c4 28.
a4 Bxa4 29. Rxc4 Bd7 30. Rc7 Rc8 31. Ra7 Rc5 32. Rxa6 Rd5 33. g3 g5 34. Ra7 gxf4
35. gxf4 Rd4 36. h3 Rfxf4 37. Rg2 Rf7 38. c3 Rd3 39. Kh2 Re3 40. Rd2 Kd8 41. Rg2
Rxe5 42. Rg8+ Ke7 43. Rg2 Ref5 44. b4 Rf2 45. b5 Rxg2+ 46. Kxg2 Kd6 47. Kg3 Rf5
48. c4 Rc5 49. Ra6+ Ke7 50. Ra4 Rc7 51. Rb4 Kd6 52. b6 Rb7 53. Rb2 Kc6 54. Rb5
Rxb6 55. Rh5 Rb3+ 56. Kf4 Rxh3 57. Rxh3 e5+ 58. Kxe5 Bxh3 59. Kf6 Kc5 60. Kg7
Bf5 61. Kf6 Bg6 62. Kg7 Kxc4 63. Kf6 Kd4 64. Kg5 Ke4 65. Kg4 h6 66. Kh4 Kf4 67.
Kh3 Kg5 68. Kg3 h5 69. Kh3 h4 70. Kg2 Kg4 71. Kh1 Kg3 72. Kg1 h3 73. Kh1 Bh7 74.
Kg1 h2+ 75. Kh1 Be4# 0-1

[Event "POLFINAL MISTRZOSTW POLSKI JUNIOROW 2017 - C15"]
[Site "Jastrzebia Gora"]
[Date "2017-11-19"]
[Round "7.22"]
[White "Lesniak, Kacper"]
[Black "Jankowski, Igor"]
[Result "0-1"]
[WhiteTitle "II"]
[BlackTitle "II"]
[WhiteElo "1350"]
[BlackElo "1409"]

1. d4 f5 2. Nc3 e6 3. e4 d5 4. exd5 exd5 5. Nf3 Nf6 6. Bd3 Bd6 7. Bg5 c6 8. Ne5
O-O 9. Qf3 Qc7 10. Bf4 Re8 11. O-O a6 12. Bg3 Ne4 13. Qh5 g6 14. Nxg6 Bxg3 15.
fxg3 Nf6 16. Qg5 Qg7 17. Bxf5 hxg6 18. Bxg6 Re6 19. Qf5 Bd7 20. g4 Re1 21. Raxe1
Bxf5 22. Bxf5 Nbd7 23. Re3 Kf8 24. Rff3 Nxg4 25. Re6 Qxd4+ 26. Kf1 Nde5 27. Rxe5
Nxe5 28. Rh3 Ng4 29. Ke2 Qf2+ 30. Kd3 Ne5# 0-1

[Event "POLFINAL MISTRZOSTW POLSKI JUNIOROW 2017 - C15"]
[Site "Jastrzebia Gora"]
[Date "2017-11-19"]
[Round "7.24"]
[White "Sandomierski, Cyprian"]
[Black "Kinczewski, Franciszek"]
[Result "1/2-1/2"]
[WhiteTitle "II"]
[BlackTitle "II"]
[WhiteElo "1257"]
[BlackElo "1448"]

1. d4 g6 2. e4 e6 3. Nc3 Bg7 4. e5 d6 5. f4 Nc6 6. Nf3 Nge7 7. Be3 Nf5 8. Qd2 d5
9. g4 Nfe7 10. O-O-O h5 11. g5 Nf5 12. Qe1 Bd7 13. Nh4 Nce7 14. Nxf5 Nxf5 15.
Bf2 a6 16. Ne2 Bb5 17. Ng3 Nxg3 18. hxg3 Qd7 19. Bxb5 Qxb5 20. Rd3 Bf8 21. Rb3
Qc6 22. Qe2 Qa4 23. Rxb7 Qxa2 24. Rd1 Be7 25. Qd3 O-O 26. Qb3 Qxb3 27. cxb3 Rab8
28. Rxc7 Rfc8 29. Rxc8+ Rxc8+ 30. Kb1 Bb4 31. Be3 a5 32. Rd3 Rc7 33. Bd2 Rb7 34.
Bc3 Kf8 35. Kc2 Ke7 36. g4 hxg4 37. Rg3 Rb8 38. Rxg4 Rh8 39. Rg2 Rh1 40. Rf2 Kf8
41. Kd2 1/2-1/2

[Event "POLFINAL MISTRZOSTW POLSKI JUNIOROW 2017 - C15"]
[Site "Jastrzebia Gora"]
[Date "2017-11-19"]
[Round "7.25"]
[White "Dziodko, Mateusz"]
[Black "Wilgosz, Jan"]
[Result "0-1"]
[WhiteTitle "II"]
[BlackTitle "II"]
[WhiteElo "1075"]
[BlackElo "1144"]

1. e4 e5 2. Nf3 Nc6 3. Bc4 Nf6 4. Nc3 Bc5 5. d3 d6 6. Bg5 h6 7. Bh4 g5 8. Bg3 Bg4
9. h3 Bh5 10. Nd5 Nd4 11. Bh2 Nxd5 12. Bxd5 c6 13. Bb3 Qf6 14. Rg1 Bxf3 15. Qc1
Ne2 16. Qd2 Nxg1 17. Bxg1 Bxg2 18. f4 Bxg1 19. Qxg2 Bb6 20. f5 Ke7 21. O-O-O Rag8
22. Rf1 h5 23. a3 g4 24. c3 gxh3 25. Qxh3 Rg4 26. Rf3 Qg5+ 0-1

[Event "POLFINAL MISTRZOSTW POLSKI JUNIOROW 2017 - C15"]
[Site "Jastrzebia Gora"]
[Date "2017-11-19"]
[Round "8.1"]
[White "Strzelecki, Maciej"]
[Black "Iwanczuk, Krzysztof"]
[Result "1/2-1/2"]
[WhiteTitle "I"]
[BlackTitle "II"]
[WhiteElo "1929"]
[BlackElo "1408"]

1. e4 c5 2. Nf3 a6 3. c3 d5 4. exd5 Qxd5 5. d4 e6 6. Be2 Nf6 7. O-O Nc6 8. Be3
cxd4 9. cxd4 Be7 10. Nc3 Qd6 11. Rc1 b5 12. Qc2 Nb4 13. Qb3 O-O 14. Ne5 Nbd5 15.
Bf3 Bb7 16. Bg5 Rab8 17. Nxd5 Nxd5 18. Bxe7 Nxe7 19. Rfd1 f6 20. Bxb7 Rxb7 21.
Qf3 Rc7 22. Rxc7 Qxc7 23. Nd3 Rd8 24. Nc5 Qb6 25. b4 Nd5 26. a3 Nc7 27. Qe2 Rd5
28. h3 Qd6 29. Nb7 Qd7 30. Nc5 Qd6 31. Nb7 Qd7 1/2-1/2

[Event "POLFINAL MISTRZOSTW POLSKI JUNIOROW 2017 - C15"]
[Site "Jastrzebia Gora"]
[Date "2017-11-19"]
[Round "8.2"]
[White "Warchol, Bartosz"]
[Black "Wierzbicki, Michal"]
[Result "1-0"]
[WhiteTitle "I++"]
[BlackTitle "I"]
[WhiteElo "1963"]
[BlackElo "1894"]

1. d4 Nf6 2. c4 e6 3. Nf3 Bb4+ 4. Nbd2 b6 5. a3 Bxd2+ 6. Bxd2 Bb7 7. Bc3 O-O 8.
g3 d5 9. cxd5 Bxd5 10. Bg2 Nbd7 11. O-O a5 12. Rc1 c5 13. Nd2 Bxg2 14. Kxg2 Nd5
15. Nf3 Rc8 16. e4 Nxc3 17. bxc3 b5 18. Qd3 c4 19. Qc2 f6 20. Rb1 Qb6 21. Rfd1
f5 22. Re1 f4 23. e5 Qc6 24. Qe4 fxg3 25. hxg3 Qxe4 26. Rxe4 Rb8 27. Re2 Rb6 28.
Reb2 Rfb8 29. Nd2 h6 30. Ne4 b4 31. axb4 axb4 32. Rxb4 Rxb4 33. Rxb4 Rxb4 34.
cxb4 Nb6 35. Kf3 Kf8 36. Ke2 Ke7 37. Kd2 Nd5 38. b5 Kd7 39. Nd6 c3+ 40. Kd3 h5
41. Ne4 Kc7 42. Nxc3 Nb4+ 43. Ke4 g5 44. d5 h4 45. d6+ Kd7 46. gxh4 gxh4 47. f4
h3 48. Kf3 h2 49. Kg2 Nd3 50. Ne2 Nf2 51. Kxh2 1-0

[Event "POLFINAL MISTRZOSTW POLSKI JUNIOROW 2017 - C15"]
[Site "Jastrzebia Gora"]
[Date "2017-11-19"]
[Round "8.3"]
[White "Kukorowski, Jan"]
[Black "Ossolinski, Ziemowit"]
[Result "1/2-1/2"]
[WhiteTitle "I"]
[BlackTitle "I"]
[WhiteElo "1797"]
[BlackElo "1865"]

1. e4 c5 2. Nf3 e6 3. d4 cxd4 4. Nxd4 Nf6 5. Bd3 Nc6 6. Nxc6 bxc6 7. c4 d5 8. cxd5
cxd5 9. Bb5+ Bd7 10. Bxd7+ Qxd7 11. exd5 Bb4+ 12. Bd2 Bxd2+ 13. Qxd2 Qxd5 14.
O-O Rb8 15. Qe2 O-O 16. Nc3 Qb7 17. b3 h5 18. h3 Rfc8 19. Rac1 Qb4 20. Na4 a5
21. Rfd1 h4 22. Rc2 Rxc2 23. Qxc2 Qf4 24. Qd2 Qf5 25. Nc3 Rc8 26. Rc1 Kh7 27.
Ne2 Ne4 28. Qe3 Rd8 29. Nc3 Nf6 30. Rd1 Rxd1+ 31. Nxd1 Nd5 32. Qd2 Qb1 33. Kh2
Qa1 34. a4 Qe5+ 35. Kg1 Nf4 36. Qe3 Ne2+ 37. Kf1 Qxe3 38. Nxe3 Nd4 39. Nc4 Nxb3
40. Ke2 Kg6 41. Kd3 Nc5+ 42. Kd4 Nxa4 43. Nxa5 Nb6 44. Nb3 Nd7 45. f4 Kf5 46.
Ke3 Nf6 47. Nd4+ Kg6 48. Nf3 Nd5+ 49. Ke4 Nf6+ 50. Ke3 1/2-1/2

[Event "POLFINAL MISTRZOSTW POLSKI JUNIOROW 2017 - C15"]
[Site "Jastrzebia Gora"]
[Date "2017-11-19"]
[Round "8.5"]
[White "Kulesza, Andrzej"]
[Black "Galuszka, Tomasz"]
[Result "1-0"]
[WhiteTitle "I"]
[BlackTitle "I"]
[WhiteElo "1784"]
[BlackElo "1976"]

1. e4 d5 2. exd5 Nf6 3. Bb5+ Bd7 4. Be2 Nxd5 5. d4 Bf5 6. Nf3 e6 7. a3 Be7 8. c4
Nb6 9. Nc3 O-O 10. h3 c5 11. Be3 N8d7 12. g4 Bg6 13. h4 cxd4 14. Bxd4 f6 15. h5
Bf7 16. b3 e5 17. Be3 Bc5 18. Qc2 Re8 19. Ne4 Bxe3 20. fxe3 Qe7 21. Nh4 Be6 22.
Nf5 Bxf5 23. gxf5 Nc5 24. b4 Nxe4 25. Qxe4 a5 26. c5 Nc8 27. Kf2 axb4 28. axb4
Rxa1 29. Rxa1 b6 30. Qc6 bxc5 31. bxc5 Kf8 32. Bc4 Qd8 33. Ke2 Re7 34. Ra8 Re8
35. Bb5 1-0

[Event "POLFINAL MISTRZOSTW POLSKI JUNIOROW 2017 - C15"]
[Site "Jastrzebia Gora"]
[Date "2017-11-19"]
[Round "8.6"]
[White "Bojczewski, Mateusz"]
[Black "Posluszny, Tomasz"]
[Result "0-1"]
[WhiteTitle "II"]
[BlackTitle "I"]
[WhiteElo "1634"]
[BlackElo "1655"]

1. e4 c5 2. c3 Nf6 3. Bd3 Nc6 4. Nf3 e6 5. Bc2 b6 6. O-O Bb7 7. a3 c4 8. d4 cxd3
9. Bxd3 d5 10. exd5 Qxd5 11. c4 Qh5 12. Nc3 Bd6 13. h3 O-O-O 14. Qe2 Rhg8 15.
Ng5 Qxe2 16. Nxe2 Ne5 17. Bc2 h6 18. f4 hxg5 19. fxe5 Bxe5 20. Ra2 g4 21. hxg4
Rh8 22. g5 Rh2 23. Rf2 Rdh8 24. Kf1 Rh1+ 25. Ng1 Bh2 26. gxf6 Bxg1 27. fxg7 Bxf2+
28. Kxf2 Rg8 29. Bf4 Rxg7 30. Bg3 Rh5 31. a4 Rhg5 32. Ra3 f5 33. Bd1 Rd7 34. Be2
Rd2 35. b4 f4 36. Bxf4 Rxg2+ 37. Kf1 Rdxe2 38. Bg3 Rb2 39. Re3 Rb1+ 40. Be1 Rh2
41. Rxe6 Rbb2 0-1

[Event "POLFINAL MISTRZOSTW POLSKI JUNIOROW 2017 - C15"]
[Site "Jastrzebia Gora"]
[Date "2017-11-19"]
[Round "8.7"]
[White "Piekielny, Pawel"]
[Black "Sloniewski, Michal"]
[Result "1/2-1/2"]
[WhiteTitle "I"]
[BlackTitle "I"]
[WhiteElo "1805"]
[BlackElo "1694"]

1. e4 c6 2. d4 d5 3. Nc3 dxe4 4. Nxe4 Nd7 5. Ng5 Ngf6 6. Bd3 e6 7. N1f3 Bd6 8.
Qe2 h6 9. Ne4 Nxe4 10. Qxe4 Nf6 11. Qe2 b6 12. Bd2 Bb7 13. O-O-O Qc7 14. c4 O-O-O
15. Kb1 Kb8 16. Bc3 c5 17. Rhe1 Rhe8 18. Bc2 a6 19. dxc5 Bxc5 20. Ne5 Rd6 21.
b4 Rxd1+ 22. Rxd1 Bf8 23. f4 Nd5 24. Qd2 Nxc3+ 25. Qxc3 Bd6 26. g3 f6 27. c5 bxc5
28. bxc5 Bxe5 29. fxe5 Qxe5 30. Qxe5+ fxe5 31. Re1 Bd5 32. Rxe5 Kc7 33. Bb3 Rb8
34. Kc2 Rb5 35. Bxd5 Rxc5+ 36. Kb3 Rxd5 37. Rxe6 Rd2 38. Rxa6 Rxh2 39. Ra7+ Kb6
40. Rxg7 h5 41. a4 Rg2 42. Rg6+ Kb7 43. Rh6 1/2-1/2

[Event "POLFINAL MISTRZOSTW POLSKI JUNIOROW 2017 - C15"]
[Site "Jastrzebia Gora"]
[Date "2017-11-19"]
[Round "8.8"]
[White "Golecki, Jan"]
[Black "Lendzion, Kamil"]
[Result "1/2-1/2"]
[WhiteTitle "I++"]
[BlackTitle "II"]
[WhiteElo "1796"]
[BlackElo "1687"]

1. e4 c5 2. Nf3 a6 3. c3 Nf6 4. e5 Nd5 5. d4 cxd4 6. cxd4 Nc6 7. Nc3 Nxc3 8. bxc3
e6 9. Bd3 d6 10. exd6 Bxd6 11. O-O h6 12. Qe2 O-O 13. Bb2 Re8 14. Rad1 e5 15.
dxe5 Nxe5 16. Nxe5 Rxe5 17. Qxe5 Bxe5 18. Bh7+ Kxh7 19. Rxd8 Rb8 20. f4 Be6 21.
Rd2 Bf6 22. Rc1 Bc4 23. Ba3 a5 24. Bc5 b5 25. Bd4 Be7 26. Kf2 a4 27. Re1 Ba3 28.
Be5 Rc8 29. Rb1 Rc6 30. g4 Rb6 31. Kg3 Re6 32. Bd4 Bd6 33. Rf2 g5 34. Be5 Bxe5
35. fxe5 Rxe5 36. a3 Re3+ 37. Rf3 Re2 38. Rf2 Re3+ 39. Rf3 Re2 1/2-1/2

[Event "POLFINAL MISTRZOSTW POLSKI JUNIOROW 2017 - C15"]
[Site "Jastrzebia Gora"]
[Date "2017-11-19"]
[Round "8.11"]
[White "Distel, Pawel"]
[Black "Chaczynski, Kamil"]
[Result "1/2-1/2"]
[WhiteTitle "II+"]
[BlackTitle "I"]
[WhiteElo "1573"]
[BlackElo "1649"]

1. e4 e6 2. d4 d5 3. Nc3 Nf6 4. e5 Nfd7 5. f4 c5 6. Nf3 Nc6 7. Be3 Be7 8. Be2 a6
9. a3 cxd4 10. Nxd4 Nxd4 11. Bxd4 b5 12. O-O Nb6 13. Bd3 Qc7 14. b4 Nc4 15. Ne2
Bd7 16. c3 f6 17. Nc1 O-O-O 18. Qe2 Rhf8 19. Nb3 fxe5 20. fxe5 g6 21. Bxc4 dxc4
22. Nc5 Bxc5 23. Bxc5 Rf5 24. Rxf5 gxf5 25. a4 Rg8 26. axb5 Bxb5 27. Ra2 Rg4 28.
Bd6 Qb7 29. Qe3 Bc6 30. Qh6 Qf7 31. Qf6 Qe8 32. Rd2 Bd5 33. g3 Rg6 34. Qh4 Qd7
35. Qd4 Qc6 1/2-1/2

[Event "POLFINAL MISTRZOSTW POLSKI JUNIOROW 2017 - C15"]
[Site "Jastrzebia Gora"]
[Date "2017-11-19"]
[Round "8.12"]
[White "Grochol, Kamil"]
[Black "Gazda, Dominik"]
[Result "1-0"]
[WhiteTitle "I"]
[BlackTitle "II+"]
[WhiteElo "1739"]
[BlackElo "1512"]

1. d4 Nf6 2. Bf4 g6 3. Nf3 Bg7 4. e3 b6 5. Nbd2 Bb7 6. h3 d6 7. Be2 c5 8. O-O O-O
9. c3 Nbd7 10. Qc2 Rc8 11. a4 cxd4 12. exd4 Nd5 13. Bh2 e5 14. dxe5 dxe5 15. Nc4
Qe7 16. Rfe1 Rfe8 17. Bf1 f6 18. Nfd2 f5 19. Ne3 Nxe3 20. fxe3 Qg5 21. Nc4 Be4
22. Qf2 Bf8 23. Bg3 Bd5 24. Nd2 a5 25. Kh1 Bc5 26. Nf3 Qe7 27. Qe2 Qe6 28. c4
Bc6 29. b3 h6 30. Rad1 Bb4 31. Rxd7 Bxd7 32. Rd1 f4 33. exf4 exf4 34. Qxe6+ Bxe6
35. Bxf4 g5 36. Be5 Rcd8 37. Rxd8 Rxd8 38. Be2 Bc5 39. g4 Kf7 40. Kg2 Kg6 41.
Bc3 Bc8 42. Bd3+ Kf7 43. Ne5+ Ke6 44. Bf5+ Kd6 45. Nf7+ Ke7 46. Nxd8 Kxd8 47.
Bxc8 Kxc8 48. Kf3 Bf8 49. Ke4 Kd7 50. Kf5 Kc6 51. Kg6 Kc5 52. Kf7 Bd6 53. Kg7
1-0

[Event "POLFINAL MISTRZOSTW POLSKI JUNIOROW 2017 - C15"]
[Site "Jastrzebia Gora"]
[Date "2017-11-19"]
[Round "8.13"]
[White "Socha, Kamil"]
[Black "Dytman, Radoslaw"]
[Result "0-1"]
[WhiteTitle "II"]
[BlackTitle "I"]
[WhiteElo "1526"]
[BlackElo "1708"]

1. d4 Nf6 2. Nf3 g6 3. c3 Bg7 4. Bf4 d6 5. e3 Nbd7 6. Bd3 O-O 7. O-O b6 8. Qc2
Bb7 9. Nbd2 Qe8 10. e4 e5 11. Bg3 Nh5 12. Rfe1 Rc8 13. a4 exd4 14. cxd4 Nxg3 15.
hxg3 c5 16. d5 Qe7 17. a5 c4 18. Bxc4 b5 19. Qb3 Nc5 20. Qxb5 Ba6 21. Qb4 Rb8
22. Qa3 Bxb2 23. Qe3 Bxa1 24. Rxa1 Bxc4 25. Nxc4 Rb4 26. Nfd2 Rfb8 27. Rc1 Nb3
28. Nxb3 Rxb3 29. Qf4 Rc8 30. e5 dxe5 31. Qd2 Qb4 32. Qe2 Rc3 33. Rxc3 Qxc3 34.
d6 Rxc4 35. d7 Qc1+ 36. Kh2 Qh6+ 37. Kg1 Rc1+ 38. Qf1 Rxf1+ 39. Kxf1 Qd2 0-1

[Event "POLFINAL MISTRZOSTW POLSKI JUNIOROW 2017 - C15"]
[Site "Jastrzebia Gora"]
[Date "2017-11-19"]
[Round "8.16"]
[White "Marciniak, Leonard"]
[Black "Cisek, Kamil"]
[Result "0-1"]
[WhiteTitle "II"]
[BlackTitle "I"]
[WhiteElo "1420"]
[BlackElo "1562"]

1. d4 d5 2. c4 e6 3. Nc3 Nf6 4. Bg5 Be7 5. e3 O-O 6. Nf3 b6 7. Rc1 Bb7 8. Bd3 Nbd7
9. O-O Ne4 10. Bxe7 Qxe7 11. Nd2 f5 12. f3 Nxc3 13. Rxc3 e5 14. Qe2 e4 15. fxe4
dxe4 16. Bc2 Kh8 17. Rb1 g5 18. Bb3 f4 19. exf4 gxf4 20. Re1 Rae8 21. Bc2 Rf6
22. Bxe4 Re6 23. d5 Rf6 24. Bd3 Qc5+ 25. Qf2 Qxf2+ 26. Kxf2 Ne5 27. Be2 c6 28.
Ne4 Rh6 29. Rd1 Nxc4 30. Ng5 Ne5 31. d6 Rd8 32. d7 Rg6 33. h4 h6 34. Ne4 Rxd7
35. h5 Rgg7 36. Rxd7 Rxd7 0-1

[Event "POLFINAL MISTRZOSTW POLSKI JUNIOROW 2017 - C15"]
[Site "Jastrzebia Gora"]
[Date "2017-11-19"]
[Round "8.17"]
[White "Kucharski, Bartlomiej"]
[Black "Zareba, Maciej"]
[Result "1-0"]
[WhiteTitle "I"]
[BlackTitle "II+"]
[WhiteElo "1946"]
[BlackElo "1517"]

1. e4 e5 2. Nf3 Nc6 3. Nc3 Nf6 4. Bb5 d6 5. d4 exd4 6. Nxd4 Bd7 7. O-O g6 8. Re1
Ne7 9. Bg5 Bg7 10. Qf3 Nfg8 11. Bc4 f6 12. Rad1 Nc6 13. e5 Nxe5 14. Rxe5+ dxe5
15. Ne6 Qe7 16. Nxc7+ Kf8 17. Nxa8 Bc6 18. Bd5 Bxd5 1-0

[Event "POLFINAL MISTRZOSTW POLSKI JUNIOROW 2017 - C15"]
[Site "Jastrzebia Gora"]
[Date "2017-11-19"]
[Round "8.18"]
[White "Skowron, Mateusz"]
[Black "Jankowski, Igor"]
[Result "1-0"]
[WhiteTitle "I"]
[BlackTitle "II"]
[WhiteElo "1616"]
[BlackElo "1409"]

1. e4 e6 2. d4 d5 3. Nd2 c5 4. exd5 Qxd5 5. Ngf3 Nc6 6. Bc4 Qd8 7. Nb3 cxd4 8.
Nbxd4 Bd7 9. O-O Qc7 10. Nb5 Qb8 11. g3 a6 12. Bf4 Qc8 13. Nc7+ Kd8 14. Nxa8 Qxa8
15. Ng5 Nh6 16. Qd2 b5 17. Rad1 Qb7 18. Bb3 Be7 19. Nxe6+ fxe6 20. Bxe6 Ke8 21.
Bxd7+ Kf8 22. Bxh6 gxh6 23. Qxh6+ Kf7 24. Bxc6 Qb8 25. Rfe1 a5 26. Qe6+ Kg7 27.
Qxe7+ 1-0